सृजनात्मक और शान्तिमय जीवन के लिए शिक्षा / (Record no. 34214)

MARC details
000 -LEADER
fixed length control field 02838nam a22002897a 4500
005 - DATE AND TIME OF LATEST TRANSACTION
control field 20100219141220.0
010 ## - LCCN (DPL NO)
LC control number B-400423-430
020 ## - INTERNATIONAL STANDARD BOOK NUMBER
Terms of availability 200.00
International Standard Book Number 9788126718191
035 ## - SYSTEM CONTROL NUMBER
System control number B-400423-430
037 ## - SOURCE OF ACQUISITION
Source of stock number/acquisition राजकमल प्रकाशन/ PUB
082 ## - DEWEY DECIMAL CLASSIFICATION NUMBER
Classification number 370
100 ## - MAIN ENTRY--PERSONAL NAME
Personal name देवी प्रसाद,
245 ## - TITLE STATEMENT
Title सृजनात्मक और शान्तिमय जीवन के लिए शिक्षा /
Statement of responsibility, etc देवी प्रसाद
260 ## - PUBLICATION, DISTRIBUTION, ETC. (IMPRINT)
Place of publication, distribution, etc नई दिल्ली
Name of publisher, distributor, etc राजकमल प्रकाशन
Date of publication, distribution, etc 2009
270 ## - ADDRESS
Address 1-बी, नेताजी सुभाष मार्ग
City नई दिल्ली
Postal code 110002
300 ## - PHYSICAL DESCRIPTION
Extent 136पृ
Dimensions 22सेमी (सजिल्द)
942 ## - ADDED ENTRY ELEMENTS (KOHA)
Source of classification or shelving scheme Dewey Decimal Classification
Item type Hindi Books
Call number suffix देवीप्र
Classification part 370
Holdings
Withdrawn status Lost status Not for loan Collection code Home library Current library Date acquired Source of acquisition Cost, normal purchase price Full call number Barcode Copy number Cost, replacement price Koha item type
      Non-fiction Andrews Gunj Andrews Gunj 04/10/2010 राजकमल प्रकाशन/5516/19.03.10/575/17.03.10/31.03.10 200.00 370 देवीप्र B-400427 1 200.00 Hindi Books
      Non-fiction Central Library Central Library 04/10/2010 राजकमल प्रकाशन/5516/19.03.10/575/17.03.10/31.03.10 200.00 370 देवीप्र B-400423 1 200.00 Hindi Books
      Non-fiction Janak Puri Janak Puri 04/10/2010 राजकमल प्रकाशन/5516/19.03.10/575/17.03.10/31.03.10 200.00 370 देवीप्र B-400424 1 200.00 Hindi Books
      Non-fiction R.K.Puram-8 R.K.Puram-8 04/10/2010 राजकमल प्रकाशन/5516/19.03.10/575/17.03.10/31.03.10 200.00 370 देवीप्र B-400426 1 200.00 Hindi Books
      Non-fiction Sarojini Nagar Sarojini Nagar 04/10/2010 राजकमल प्रकाशन/5516/19.03.10/575/17.03.10/31.03.10 200.00 370 देवीप्र B-400425 1 200.00 Hindi Books
      Non-fiction Shahdara Branch Shahdara Branch 04/10/2010 राजकमल प्रकाशन/5516/19.03.10/575/17.03.10/31.03.10 200.00 370 देवीप्र B-400430 1 200.00 Hindi Books
      Non-fiction Sriniwas Puri Sriniwas Puri 04/10/2010 राजकमल प्रकाशन/5516/19.03.10/575/17.03.10/31.03.10 200.00 370 देवीप्र B-400428 1 200.00 Hindi Books
      Non-fiction Vinoba Puri Vinoba Puri 04/10/2010 राजकमल प्रकाशन/5516/19.03.10/575/17.03.10/31.03.10 200.00 370 देवीप्र B-400429 1 200.00 Hindi Books

© Delhi Public Library
Hit Counter
free hit counter